Statistiques concernant Les 5 Capitales les plus proches de Tallinn, Riga, Vilnius, Minsk et Moscou

Cliquez ici pour prendre le quiz!

Statistiques générales

  • Ce quiz a été pris 127 fois
  • Le résultat moyen est 8 sur 8

Statistiques - réponses

Réponse% Correct
Minsk
97%
Riga
97%
Vilnius
97%
Helsinki
96%
Kiev
95%
Stockholm
95%
Varsovie
95%
Tallinn
88%

Distribution des résultats

Percentile par nombre de réponses

% des personnes avec chaque résultat

Votre développement - résultats

Vous n’avez pas pris ce quiz